000
00312nam a2200145Ia 4500
100
_a
Prakash/ C.P.
942
_c
BK
654
_a
Marketing
245
_a
Marketing Salesmanship & Publicity
260
_b
Nirali prakashan
_a
Pune
082
_a
658.8
_b
PAR
300
_a
365
546
_a
ENGLISH
999
_c
24596
_d
24596